| 000 | 00845cam a2200265 4500 | ||
|---|---|---|---|
| 001 | 2001 | ||
| 003 | BD-RjUL | ||
| 005 | 20211208233448.0 | ||
| 008 | 131210s1972 mau bs 001 0 eng | ||
| 035 | _a(BD-RjUL)2028 | ||
| 040 |
_aDLC _cDLC _dDLC _dBD-RjUL _beng |
||
| 041 | _aeng | ||
| 082 | 0 | 0 |
_a324.273 _216 _bSOP 1972 |
| 100 | 1 |
_aSorauf, Frank J. _q(Frank Joseph), _d1928- _96268 |
|
| 245 | 1 | 0 |
_aParty politics in America / _cFrank J. Sorauf. |
| 250 | _a2d ed. | ||
| 260 |
_aBoston : _bLittle, Brown , _cc1972. |
||
| 300 |
_ax, 445 p. ; _c24 cm. |
||
| 504 | _aIncludes bibliographical references and index. | ||
| 650 | 0 |
_aPolitical parties _zUnited States. _96269 |
|
| 856 | _uhttp://www.worldcat.org/title/party-politics-in-america/oclc/319630&referer=brief_results | ||
| 942 |
_2ddc _cBK |
||
| 999 |
_c2001 _d2001 |
||